Sharing of information and experiences on private sector success stories in sustainable forest management : Malaysia - ITTO Project Technical Report PD48/99 Rev. 1 (F, M)

Bibliographic Details
Corporate Authors: Forest Department Peninsular Malaysia, International Tropical Timber Organisation (ITTO)
Format: Book
Published: Kuala Lumpur : Forest Department Peninsular Malaysia , 2004
Subjects:

MARC

LEADER 00000cam a2200000 7i4500
001 0000003406
005 20051220.0
020 0 0 |a 9839269321 
090 0 0 |a 634.9068   |b SHA 
245 1 0 |a Sharing of information and experiences on private sector success stories in sustainable forest management :   |b Malaysia - ITTO Project Technical Report PD48/99 Rev. 1 (F, M) 
260 0 0 |a Kuala Lumpur :   |b Forest Department Peninsular Malaysia ,   |c 2004 
300 |a xxii, 105 p. ;   |c 26 cm. 
650 0 0 |a Forest management   |x Congresses 
650 0 0 |a Sustainable forestry   |x Congresses 
710 2 1 |a Forest Department Peninsular Malaysia 
710 2 1 |a International Tropical Timber Organisation (ITTO) 
999 |a 0000006441   |b Monograph   |c Open Shelf   |e Default branch 
999 |a 0000006442   |b Monograph   |c Open Shelf   |e Default branch 
999 |a 0000006443   |b Monograph   |c Open Shelf   |e Default branch 
999 |a 0000006444   |b Monograph   |c Open Shelf   |e Default branch 
999 |a 0000006445   |b Monograph   |c Open Shelf   |e Default branch